000 01031nam a22003017a 4500
003 CHAP
005 20220329135522.0
008 971013s1964 r 00010 d
010 _a37960
011 _a38932
035 _a43052
040 _cCHAP
090 _aFolleto 52
100 0 0 _aMiller, Paul R.
_975797
245 _aPlant disease forecasting and warning service in the United States
260 _aBuenos Aires :
_bINTA,
_c1964
300 _a13 p.
_b: ilus
490 _aCurso de fitopatología para graduados. Apuntes de clase
_v; 24 (Fitopatología general)
590 _aBATCH-UPD
_b10
_c20130110
_lUCH01
_h2009
590 _aBATCH-UPD
_b10
_c20130410
_lUCH01
_h1328
590 _aBATCH-UPD
_b10
_c20130914
_lUCH01
_h1414
590 _aCONVERSION
_b10
_c20130109
_lUCH01
_h1321
650 1 4 _aFitopatología.
_941161
830 0 _aCurso de fitopatología para graduados. Apuntes de clase
_v; 24 (Fitopatología general)
_930617
901 _aBK
942 _cFOLL
949 _aFolleto 52
_bBC
_cFOLL
_d-98895
_eTS1
_i43052
_si
999 _c37960
_d37960